000 02288cam a2200277zu 4500
001 88805828
003 FRCYB88805828
005 20251020123003.0
006 m o d
007 cr un
008 251020s2011 fr | o|||||0|0|||fre d
020 _a9782759216628
035 _aFRCYB88805828
040 _aFR-PaCSA
_bfr
_c
_erda
100 1 _aPichot, André
245 0 1 _aExpliquer la vie
_bDe l'âme à la molécule
_c['Pichot, André']
264 1 _bEditions Quae
_c2011
300 _a p.
336 _btxt
_2rdacontent
337 _bc
_2rdamdedia
338 _bc
_2rdacarrier
650 0 _a
700 0 _aPichot, André
856 4 0 _2Cyberlibris
_uhttps://international.scholarvox.com/netsen/book/88805828
_qtext/html
_a
520 _aQuelles stratégies la biologie a-t-elle développées, tout au long de son histoire, pour expliquer la vie ? Comment, d’une conception où l’univers entier était quasiment vivant, où les vivants par excellence étaient les dieux et les astres, et où la vie était même une caractéristique divine, est-on passé à une conception où seuls sont vivants quelques objets matériels dotés d’une organisation particulière, et où la vie n’est plus guère qu’un fonctionnement machinique. Comment est-on passé d’une conception où les processus vitaux étaient expliqués par une âme, à une conception où ils sont soumis aux mêmes lois physiques que les objets inanimés. Comment, dans un monde unifié par de telles lois, a-t-on alors essayé de rendre compte de la spécificité de l’être vivant, de la définir et de la concilier avec l’unité et l’universalité des principes physiques explicatifs ? Cet ouvrage suit, pas à pas, les multiples voies empruntées par la biologie dans cette recherche, ses avenues et ses impasses, ses méandres et ses bifurcations, ses avancées et ses reculs. Les thématiques dont la tresse forme l’histoire de la biologie sont en grand nombre. Pour la simplicité de l’exposé, quatre couples de thème constituent la base du sommaire. – Animisme et mécanisme (autonomie et lois naturelles), – Mécanisme et chimie (organes et fonctions), – Forme et temps (explication physique et explication historique), – Cellules et molécules.
999 _c1552559
_d1552559